What's in the Bible: (Record no. 3376)

000 -LEADER
fixed length control field 00635nam a2200181 a 4500
001 - CONTROL NUMBER
control field :::00001106$&:&@@
003 - CONTROL NUMBER IDENTIFIER
control field OkBaRHE
005 - DATE AND TIME OF LATEST TRANSACTION
control field 20000607103241.0
008 - FIXED-LENGTH DATA ELEMENTS--GENERAL INFORMATION
fixed length control field s1953 j 000 0 eng u
040 ## - CATALOGING SOURCE
Transcribing agency
100 1# - MAIN ENTRY--PERSONAL NAME
Personal name Day, Millard F.
245 10 - TITLE STATEMENT
Title What's in the Bible:
Remainder of title a handbook of Bible doctrine.
Statement of responsibility, etc Consisting of short explanations of some 124 doctrines and themes of the scriptures.
260 ## - PUBLICATION, DISTRIBUTION, ETC. (IMPRINT)
Place of publication, distribution, etc Chicago, IL., :
Name of publisher, distributor, etc Moody Press
Date of publication, distribution, etc c1953
300 ## - PHYSICAL DESCRIPTION
Extent 128 p. ;
Dimensions 17 cm.
650 ## - SUBJECT ADDED ENTRY--TOPICAL TERM
Topical term or geographic name as entry element Bible
General subdivision Theology
942 ## - ADDED ENTRY ELEMENTS (KOHA)
Source of classification or shelving scheme
Koha item type Books
Copies
Barcode Not for loan Date acquired Koha item type Withdrawn status Damaged status Lost status Copy number Permanent Location Shelving location Date last seen Full call number Source of classification or shelving scheme Price effective from
1106 2010-04-14Books   1RHEMA Bible Training CollegeGeneral Stacks2018-02-16BS 543 .D287 2010-04-14